Africa in 1914 Without a Map - Statistics

General Stats
  • This quiz has been taken 298 times
  • The average score is 25 of 52
Answer Stats
Sovereign Powers Answer % Correct
Belgian Belgian Congo
90%
Independent Liberia
89%
French Morocco
89%
British Egypt
87%
French Algeria
86%
Italian Libya
85%
Portugese Mozambique
81%
French Tunisia
81%
Portugese Angola
79%
French Haut Sénégal et Niger
79%
German Kamerun
76%
French Madagascar
73%
British Nigeria
73%
French Sénégal
71%
German Togoland
71%
Portugese São Tomé and Príncipe
70%
British The Gambia
68%
French Côte d'Ivoire
64%
British Uganda
64%
British Mauritius
63%
British British Somaliland
60%
French French Somaliland
60%
Italian Italian Somaliland
60%
British Sierra Leone
60%
Italian Eritrea
59%
British Swaziland
59%
French Gabon
56%
Independent Abyssinia
54%
British Gold Coast
50%
British Northern Rhodesia
39%
British Southern Rhodesia
38%
British Nyasaland
28%
Spanish Spanish Guinea
28%
German German East Africa
27%
British Bechuanaland
23%
French French Congo
23%
Spanish Spanish Morocco
21%
British Anglo-Egyptian Sudan
20%
French Dahomey
19%
French Réunion
19%
Spanish Spanish Sahara
19%
British Basutoland
17%
British British East Africa
16%
French Tchad
16%
British Union of South Africa
15%
German German West Africa
14%
French Mauritanie
9%
Portugese Portugese Guinea
8%
French Guineé Français
7%
Portugese Cape Verde Islands
6%
French Territoire Militaire Niger
6%
French Oubangui Chari
1%
No matching quizzes found
Score Distribution
Percent of People with Each Score
Percentile by Number Answered
Your Score History
You have not taken this quiz